| 000 | 00497nam a2200157 a 4500 | ||
|---|---|---|---|
| 008 | 120416s1975 ||||||||||||||||| || u | ||
| 020 | _a0224010697 | ||
| 050 | _aPR 6069.H375 She | ||
| 100 | _aSherry, Sylvia | ||
| 245 | 1 | 0 | _aDark river, dark mountain |
| 260 |
_aLondon: _bCape _c1975 |
||
| 300 | _a189p. | ||
| 350 | _a0.00 | ||
| 650 | _aENGLISH LANGUAGE | ||
| 995 |
_D0.00 _FCBU-MAIN LIBRARY (Kitwe) _H1 _I1.95 _M1 _UAVAILABLE _ZFiction Collection |
||
| 999 |
_c39382 _d39382 |
||